Представление документа в формате MARC21

Поле Инд. ПП Название Значение
Тип записи a
Библиографический уровень m
001 Контрольный номер a3240802-39ab-11db-b02a-008048b56a28
005 Дата корректировки 20140703145802.7
008 Кодируемые данные 060901
020 c Цена, тираж б/ц
040 a Служба первич. каталог. НБ ТвГУ
041 a Код языка текста rus
080 a Индекс УДК 81'367.622(043.3)
084 a Индекс другой классификации/Индекс ББК Ш102.121я031
a Индекс другой классификации/Индекс ББК Ш103.2я031
090 x Авторский знак Ч-65
a Полочн. индекс Ш102.1
100 1_ a Автор Чирухина Ольга Николаевна
245 10 a Заглавие Концептуальный анализ семантической модификации некоторых базисных имен существительных в литературно-критических текстах
b Продолж. заглавия автореф. дис. ... канд. филол. наук : 19.02.19
c Ответственность Моск. гос. ун-т им. М. В. Ломоносова, Филол. фак., Каф. общ. и сравнит.-ист. языкознания
260 0_ a Место издания Москва
b Издательство Московский государственный университет
c Дата издания 1992
300 a Объем 25 с.
b Иллюстрации/ тип воспроизводства табл.
504 a Библиография Библиогр. в конце кн. и в построч. примеч.
583 a Действие Получение впервые 316 01.09.2006
650 a Основная рубрика Языкознание
x Основная подрубрика Грамматика
x Основная подрубрика Части речи
x Основная подрубрика Семантика
x Основная подрубрика Существительное
x Основная подрубрика Лингвистический анализ
650 a Основная рубрика Анализ текстов литературно-критических
653 a Ключевые слова Языкознание
a Ключевые слова Текст (лингв.)
a Ключевые слова Анализ текстов
a Ключевые слова Анализ литературно-критических текстов
a Ключевые слова Лингвистический анализ
a Ключевые слова Грамматика
a Ключевые слова Части речи
a Ключевые слова Существительные
a Ключевые слова Базисные имена существительные
a Ключевые слова Типология текстов
a Ключевые слова Семантическая модификация существительных
a Ключевые слова Авторефераты
852 t Порядковый номер экземпляра 1
p Инвентарный номер б/н
888 a Бесплатные
930 a Новая/Ретро авторефераты
952 p 316.2006 б/ц 1 б/н
c Вид литературы А/Р н
954 a Дата поступления на обработку 20060912
999 a Подразделение 2 ч.з.